000 00463nam a22001697a 4500
005 20180809150412.0
008 160514b xxu||||| |||| 00| 0 eng d
020 _a81-7446-519-7
041 _aeng
082 _b2155
_a658.3
100 _aSengupta, Dr. Nilanjan and Bhattacharya, Mousumi S.
_94718
245 _aInternational Human Resource Management
260 _aNew Delhi
_bExcel Books,
_c2007
300 _a309p,
650 _aManagement
_9241
942 _cBK
999 _c792
_d792